000 00349pab a2200145 454500
008 180718b1986 xxu||||| |||| 00| 0 eng d
100 _aRoy, Tirthankar
245 _aShare of industrial wage in value - added 1960 -1980
260 _c1986
300 _a49-61
362 _aOct.
650 _aWages
773 _aSocial Scientist
909 _a20514
999 _c20514
_d20514